Kulturvariationen Bratislavas im literarischen Werk Karl Benyovszkys rigorózna

Salvato in:
Dettagli Bibliografici
Autore principale: Markech, Ján
Ente Autore: Fakulta aplikovaných jazykov EU v Bratislave. Katedra nemeckého jazyka
Altri autori: Kucharová, Jana, 1981-
Natura: Libro
Lingua:tedesco
Pubblicazione: Bratislava 2021
Tags: Aggiungi Tag
Nessun Tag, puoi essere il primo ad aggiungerne!!

MARC

LEADER 00000nbm a2200000 4500
001 0276620
005 20220504103008.4
041 0 |a ger 
044 |a SK 
245 1 0 |a Kulturvariationen Bratislavas im literarischen Werk Karl Benyovszkys  |b rigorózna  |c Ján Markech ; školiteľ: Jana Kucharová 
264 1 |a Bratislava  |c 2021 
300 |a 106 s. 
100 1 |a Markech, Ján 
700 1 |a Kucharová, Jana, 1981- 
710 2 |a Fakulta aplikovaných jazykov EU v Bratislave. Katedra nemeckého jazyka